<?xml version="1.0" encoding="UTF-8"?>
<collection xmlns="http://www.loc.gov/MARC21/slim">
  <record>
    <leader>00000nam  2200000   4500</leader>
    <controlfield tag="001">INLIS000000000019477</controlfield>
    <controlfield tag="005">20250225033259</controlfield>
    <datafield tag="035" ind1="#" ind2="#">
      <subfield code="a">0010-0225000434</subfield>
    </datafield>
    <controlfield tag="007">ta</controlfield>
    <controlfield tag="008">250225################|##########|#|##</controlfield>
    <datafield tag="084" ind1="#" ind2="#">
      <subfield code="a">R 0011 PKN II 2024</subfield>
    </datafield>
    <datafield tag="100" ind1=" " ind2="#">
      <subfield code="a">FEBRIAN HENDRA,S.Sos</subfield>
    </datafield>
    <datafield tag="245" ind1="1" ind2="#">
      <subfield code="a">STRATEGI MONITORING LAMPU PENERANGAN JALAN UMUM (LPJU) DENGAN SMART SYSTEM /</subfield>
      <subfield code="c">FEBRIAN HENDRA,S.Sos</subfield>
    </datafield>
    <datafield tag="250" ind1="#" ind2="#">
      <subfield code="a">1</subfield>
    </datafield>
    <datafield tag="260" ind1="#" ind2="#">
      <subfield code="a">Jakarta :</subfield>
      <subfield code="b">Pusbangkom Pimnas,</subfield>
      <subfield code="c">2024</subfield>
    </datafield>
    <datafield tag="300" ind1="#" ind2="#">
      <subfield code="a">30 :</subfield>
      <subfield code="b">ilus ;</subfield>
      <subfield code="c">29 x 21 x 0,5</subfield>
    </datafield>
    <datafield tag="650" ind1="#" ind2="4">
      <subfield code="a">Sistem</subfield>
    </datafield>
    <datafield tag="520" ind1="#" ind2="#">
      <subfield code="a">Lampu penerangan jalan merupakan faktor&#13;
penting dalam kehidupan masyarakat. Banyak&#13;
masyarakat yang mengeluhkan banyaknya lampu&#13;
jalan yang tidak menyala atau mati dibeberapa&#13;
lokasi di Kabupaten Kepahiang bahkan ada&#13;
beberapa titik yang menyala pada siang hari. Tidak&#13;
hanya mati banyak juga beberapa tempat yang&#13;
memang belum terpasang lampu penerangan jalan.&#13;
Hal ini membuat sejumlah pengendara yang memilki&#13;
penerangan kendaraan yang kurang maksimal&#13;
memilih untuk memperlambat laju kendaraanya&#13;
karena visibilitas yang minim dan juga banyak&#13;
masyarakat yang enggan melewati jalanan yang&#13;
gelap dapat menimbulkan tindak perilaku kriminal.&#13;
Dalam mengatasi permasalahan tersebut Maka&#13;
Dinas Perhubungan Kabupaten Kepahiang yang&#13;
memilki tugas dalam pemeliharaan Lampu&#13;
Penerangan Jalan Umum (LPJU) meluncurkan&#13;
sebuah inovasi untuk menggantikan system control&#13;
LPJU konvensional lama SonT menjadi LPJU Smart&#13;
system yang dimana memiliki banyak kemudahan&#13;
dalam mengoperasikannya.</subfield>
    </datafield>
    <datafield tag="856" ind1="#" ind2="#">
      <subfield code="a">Perpustakaan Pusat LAN</subfield>
    </datafield>
    <datafield tag="990" ind1="#" ind2="#">
      <subfield code="a">2024/1.2,2/A/0011</subfield>
    </datafield>
  </record>
</collection>
